Figure Out the Disney Lyrics IX Quiz Stats

Quiz Updated Jun 5, 2014

Challenge
Share
Tweet
Embed
Score 0/203 Timer 08:00
48 Plays Today
% Correct
a
97.3%
a
97.3%
a
97.3%
a
97.3%
a
97.3%
a
97.3%
a
97.3%
the
95.3%
the
95.3%
the
95.3%
the
95.3%
the
95.3%
the
95.3%
the
95.3%
the
95.3%
the
95.3%
the
95.3%
the
95.3%
The
95.3%
the
95.3%
the
95.3%
the
95.3%
The
95.1%
the
95.1%
you
90.1%
you
90.1%
You
90.1%
you
90.1%
you
90.1%
you
90.1%
you
90.1%
you
90.1%
you
90.1%
You
90.1%
You
90.1%
You
90.1%
And
83.9%
and
83.9%
And
83.9%
and
83.9%
And
82.9%
and
82.9%
to
80.6%
to
80.6%
to
80.5%
to
80.5%
to
80.5%
be
79.3%
be
79.3%
he
77.8%
is
77.5%
do
75.8%
do
75.8%
Do
75.8%
Go
75.8%
on
75.8%
Go
75.8%
on
75.8%
Go
75.8%
on
75.7%
She
73.3%
she
73.3%
She
73.3%
she
73.3%
It
72.3%
it
72.2%
it
72.2%
it
72.2%
% Correct
in
69.4%
see
68.4%
No
67.5%
her
67.2%
her
67.2%
her
67.2%
her,
67.2%
her
67.2%
There
66.7%
there
66.7%
There
66.7%
girl
65.4%
girl
65.4%
girl
65.4%
girl
65.4%
girl
65.4%
girl
65.4%
girl
65.4%
girl
65.4%
girl
65.4%
know
65.3%
know
65.3%
girl
65.3%
why
64.1%
kiss
64.1%
kiss
64.1%
kiss
64.1%
kiss
64.1%
kiss
64.1%
kiss
64.1%
kiss
64.1%
kiss
64.1%
kiss
64%
don't
63.9%
don't
63.9%
don't
63.9%
don't
63.9%
Don't
63.9%
Don't
63.9%
Don't
63.9%
But
60.5%
But
60.5%
at
60%
want
59.2%
say
58.6%
say
58.6%
say
58.6%
say
58.6%
say
58.6%
your
58.5%
Look
56.7%
Look
56.7%
will
56.6%
got
56.5%
got
56.5%
too
56.1%
too
56.1%
Too
56.1%
way
56%
way
56%
My
55.4%
my
55.4%
Sha la la la la la
55.2%
Sha la la la la la
55.2%
Sha la la la la la
55.2%
Sha la la la la la
55.2%
Sha la la la la la
55.2%
Sha la la la la la
55.2%
% Correct
one
54.3%
what
54%
you're
53%
Sitting
52.4%
Not
51.7%
about
51.3%
try
50.6%
try
50.6%
lot
50.3%
something
50%
oh
49.7%
that
49.4%
across
49.2%
there's
48.8%
now
47.6%
wanna
47.5%
wanna
47.5%
wanna
47.5%
word
47.4%
word
47.4%
word
47.4%
word
47.4%
shy
47.4%
how
47%
like
46.9%
boy
44%
Boy
44%
dying
43.7%
won't
43.4%
take
43.4%
time
42%
ask
42%
Yes,
41.2%
gonna
40.7%
gonna
40.7%
wants
40.6%
single
38.5%
miss
38.1%
Ain't
35.9%
Ain't
35.9%
Ain't
35.9%
bad,
35.7%
scared
35.2%
sad?
32.7%
better
32.7%
better
32.7%
Until
32.5%
Possible
32.5%
shame?
32%
blue
31.6%
lagoon
30.8%
soon
30.7%
stop
29.7%
hide
28.1%
Floating
27.3%
moment
26.6%
Float
26.5%
prepared
25.2%
song
24.9%
song
24.9%
Now's
23.9%
music
23%
music
22.7%
listen
22%
mood
20.6%
along
20.5%
play
20.3%

You're not logged in!

Compare scores with friends on all Sporcle quizzes.
Sign Up with Email
OR
Log In

You Might Also Like...

Show Comments

Extras

Top Quizzes Today


Score Distribution

Your Account Isn't Verified!

In order to create a playlist on Sporcle, you need to verify the email address you used during registration. Go to your Sporcle Settings to finish the process.